000 00527nam a22002177a 4500
003 UA-OsUOA
001 38449
007 ta
008 20060510b un ||||| |||| 00| 0 ukr d
100 _aЛазнюк Іван
090 _a32
_bІ11
942 _cSA
040 _aUA-OsUOA
_bukr
_cUA-OsUOA
_dUA-OsUOA
245 _aПтахівники шукають молодих спеціалістів
300 _a7 с.
955 _a0
041 _aukr
080 _a32
773 0 _w38448
650 7 _a32 Політика
_2UDC
999 _c324602
_d324602